Systém riadenia kontinuity činností, alebo ako minimalizoivať dobu prerušenia procesov
Pojem systém riadenia kontinuity (Business Continuity Management System), BCMS. Riadiace procesy podporované vedením spoločnosti s identifikáciou na potenciálne dopady strát. Základné pojmy a skratky.
Enregistré dans:
| Auteur principal: | |
|---|---|
| Format: | Chapitre de livre |
| Langue: | slovaque |
| Sujets: | |
| Tags: |
Pas de tags, Soyez le premier à ajouter un tag!
|
MARC
| LEADER | 00000naa a2200000 4500 | ||
|---|---|---|---|
| 001 | 0143433 | ||
| 005 | 20231012071755.8 | ||
| 041 | 0 | |a slo | |
| 044 | |a SK | ||
| 245 | 1 | 0 | |a Systém riadenia kontinuity činností, alebo ako minimalizoivať dobu prerušenia procesov |c Martin Kašša |
| 520 | |a Pojem systém riadenia kontinuity (Business Continuity Management System), BCMS. Riadiace procesy podporované vedením spoločnosti s identifikáciou na potenciálne dopady strát. Základné pojmy a skratky. | ||
| 610 | 2 | 0 | |a manažment |
| 610 | 2 | 0 | |a manažment strategický |
| 610 | 2 | 0 | |a procesy podnikové |
| 610 | 2 | 0 | |a riadenie podľa cieľov |
| 610 | 2 | 0 | |a systém riadenia kvality |
| 610 | 2 | 0 | |a systémy integrované manažérske |
| 610 | 2 | 0 | |a kontrola podniková |
| 610 | 2 | 0 | |a znižovanie nákladov |
| 100 | 1 | |a Kašša, Martin | |